| 000 | 00921nam a2200205 a 4500 | ||
|---|---|---|---|
| 001 | BRCA_4108 | ||
| 005 | 20190320204540.0 | ||
| 008 | 230310s2009----sp-a######---#000-0#spa-# | ||
| 041 | _aspa | ||
| 044 | _asp | ||
| 050 | 4 |
_aNA5060 _b.E87 2009 |
|
| 245 | 1 | 0 |
_aEsplendor recuperado _bproyecto de investigación y restauración de los retablos del Nazareno y la Trinidad de la Catedral de Granada. |
| 260 |
_a[España] _bInstituto del Patrimonio Cultural de España : Dirección General de Bellas Artes y Bienes Culturales : Ministerio de Cultura _c[2009] |
||
| 300 |
_a99 p. _bil. (algunas a color) _c23 cm. |
||
| 500 | _aCatálogo de la exposición realizada en el Instituto del Patrimonio Cultural de España (Granada, España), 11 noviembre - 16 diciembre, 2009 | ||
| 650 | 1 | 4 |
_aRetablos españoles _ySiglo XV-XIX _910632 |
| 650 | 1 | 4 |
_aPintura religiosa _zEspaña _910633 |
| 650 | 1 | 4 |
_aArte cristiano _93474 |
| 942 |
_2lcc _cB |
||
| 999 |
_c3826 _d3826 |
||